The law of obligations: roman foundations of the civilian tradition

Sparad:
Bibliografiska uppgifter
Huvudupphovsman: Zimmermann, Reinhard (Författare, medförfattare)
Materialtyp: Bok
Språk:engelska
Publicerad: Ciudad del Cabo Juta 1990
Ämnen:
Taggar: Lägg till en tagg
Inga taggar, Lägg till första taggen!

MARC

LEADER 00000nam a2200000 a 4500
001 UCM0028
003 CL-VaPUC
008 020108e19900000SA |||||||||||||||||eng|d
082 0 4 |a 346.02  |b ZIM  |2 21 
100 0 |a Zimmermann, Reinhard  |e author  |9 466630 
245 1 4 |a The law of obligations: roman foundations of the civilian tradition 
300 |a 1241 p 
942 |c BK 
945 |d 20020108 00:00:00  |a vberengu 
260 |a Ciudad del Cabo  |b Juta  |c 1990 
650 7 |a OBLIGACIONES - DERECHO Y LEGISLACION  |2 CL-VaPUC  |9 433998 
650 0 |a Derecho de las obligaciones   |9 328248 
650 0 |a Derecho romano  |9 255930 
650 0 |a Delito  |9 336975 
650 0 |a Donación   |9 255016 
650 0 |a Contratos  |9 255153 
650 7 |a INTERPRETACION DE LOS CONTRATOS  |2 CL-VaPUC  |9 382019 
650 0 |a Nulidad de los contratos   |9 356193 
583 |a last modification  |c 20020108 00:00:00  |k Rodrigo Vera 
999 |c 299095  |d 299093 
952 |0 0  |1 0  |4 0  |6 346_020000000000000_ZIM_1990  |7 0  |8 A  |9 355243  |a BIBDER  |b BIBDER  |d 2019-11-21  |i 378679K  |l 2  |o 346.02 ZIM 1990  |p 378679K  |r 2023-08-22  |s 2023-08-22  |w 2019-11-21  |y BK  |k DER